Nr. 1 Hits in Deutschland 1992 - Statistiken

Allgemein
  • Dieses Quiz wurde 43 mal gespielt
  • Das Durchschnittsergebnis liegt bei 4 aus 7
Antwortstatistiken
Wochen auf Platz 1 Lied Interpret % Korrekt
8 Wochen It’s My Life Dr. Alban
78%
10 Wochen Rhythm Is a Dancer Snap!
69%
10 Wochen Let’s Talk About Sex Salt ’n’ Pepa
67%
13 Wochen Das Boot U 96
67%
4 Wochen To Be with You Mr. Big
56%
12 Wochen Sweat (A La La La La Long) Inner Circle
44%
4 Wochen More and More Captain Hollywood Project
31%
Keine übereinstimmenden Quizze gefunden
Verteilung der Resultate
Anzahl Personen mit jedem Resultat
Perzentil nach korrekt beantworteten Fragen
Ihre Resultats-Entwicklung
Sie haben dieses Quiz noch nicht gespielt